[Event "World Chess Challenge"]
[Site "Sofia"]
[Date "2009.02.18"]
[Round "2"]
[White "Kamsky, Gata"]
[Black "Topalov, Veselin"]
[Result "0-1"]
[WhiteElo "2725"]
[BlackElo "2796"]
[Annotator "Marin,M"]
[PlyCount "64"]
[EventDate "2009.02.17"]
[EventType "match"]
[EventRounds "7"]
[EventCountry "BUL"]
[SourceTitle "CBM 129"]
[Source "ChessBase"]
[SourceDate "2009.03.25"]
[SourceVersion "1"]
[SourceVersionDate "2009.03.25"]
[SourceQuality "1"]

1. e4 e5 {Experience may have taught Topalov that his peak of form usually
arises in the second part of important matches and tournaments. During his
unlucky match against Kramnik, he did not seem to take this detail into
account and went for a sharp and uncompromising fight from the very first game.
As a result, he suffered two defeats instead of what could otherwise have
become two of his best games ever. His opening choice in the second game
against Kamsky looks more cautious. Instead of his beloved Sicilian, he has
chosen the solid Ruy Lopez. Will it be a boring Berlin variation?!} 2. Nf3 Nc6
3. Bb5 Nf6 4. O-O Bc5 $5 {A big surprise on the 4th move already! Topalov had
developed the bishop to c5 before, but only as an aswer to 4.d3.} 5. Nxe5 ({
Kamsky decides to set up forced play from an early stage of the game, instead
of the strategically more constructive} 5. c3 {followed by d4. Recently,
Topalov had failed to get anything with White in this line, which may explain
his decision to include it in his repertoire with Black.} O-O 6. d4 Bb6 7. Bg5
h6 8. Bh4 d6 9. Qd3 g5 10. Bg3 Nh5 11. Bxc6 bxc6 12. dxe5 dxe5 13. Qxd8 Rxd8
14. Bxe5 Re8 15. h3 f6 16. Bh2 Rxe4 17. Nbd2 Re8 18. a4 a5 19. Nc4 Ba6 {
Topalov,V (2767)-Vallejo Pons,F (2684)/Dos Hermanas 2008/CBM 123 Extra (1/2,
47)}) ({Kamsky's only (!!) experience against this line so far dates a long
time back and is completely irelevant from the theoretical point of view.} 5.
Nc3 O-O 6. Nxe5 Re8 7. Nf3 ({Deviating from one of the most famous games of
chess history, which continued with} 7. Nxc6 dxc6 8. Bc4 b5 9. Be2 Nxe4 10.
Nxe4 Rxe4 11. Bf3 Re6 12. c3 $2 Qd3 13. b4 Bb6 14. a4 bxa4 15. Qxa4 Bd7 16. Ra2
$2 Rae8 17. Qa6 Qxf3 $1 $19 {Paulsen,L-Morphy,P/New York 1857/MainBase/
[ChessBase] (0-1, 28)}) 7... Nxe4 8. d4 Nxc3 9. bxc3 Bf8 $11 {Kamsky,G (2655)
-Winants,L (2505)/Tilburg 1992/CBM 032 (1-0, 42)}) 5... Nxe4 6. Qe2 Nxe5 7. d4
Qe7 {The previous sequence of moves looks completely chaotic, but has been
played before. White will retrieve the temporarily sacrificed piece, but he
aims to do it in the best way. Black's last move proves his intention to avoid
retreating unless this is absolutely necessary.} (7... Be7 8. Qxe4 Ng6 9. f4 c6
10. Bd3 d5 11. Qe2 f5 12. Nd2 O-O 13. Nf3 Nh8 {><e4} 14. Bd2 a5 {Shirov,A 
(2746)-Grischuk,A (2606)/New Delhi/Teheran 2000/CBM 080/[Ftacnik] (1-0, 44)}
15. Rae1 $1 Bf6 16. b4 Nf7 17. bxa5 Nd6 18. Ne5 Ne4 19. Bb4 Re8 $14 {Shirov})
8. dxc5 (8. Qxe4 {allows Black to maintain the material equality with} Nc6 {.})
8... Nxc5 9. Nc3 $146 {White has excellent compensation for the sacrificed
pawn. He is far ahead in development and has an active pair of bishops. The
only thing that will not be compensated in any way is the slowness with which
Kamsky effectuated his moves and which inevitably led him to hopeless
time-trouble. Until this moment, Topalov had spent only a minute, but after
White's last move he started thinking longer. I wonder whether he had really
failed to analyse at home Kamsky's logical novelty.} (9. b4 {is not convincing.
} a6 10. bxc5 axb5 11. Re1 Ra6 $1 {An important resource, saving the game for
Black.} (11... f6 $2 12. f4 Qxc5+ 13. Be3 Qc4 14. fxe5 $18 {Gipslis,A (2535)
-Gonsior,E (2385)/Hradec Kralove 1977/EXT 2007 (1-0, 51)}) 12. Qxe5 $2 Re6 13.
Bb2 Kd8 $3 $19) 9... Ng6 10. Qh5 {I am not sure that this is the best move.
White moves for the second time with an already developed piece.} (10. Be3 {
looks more logical, continuing the development of the queenside and
threatening to win a piece with Bxc5.} Ne6 (10... O-O $6 11. Nd5 Qd6 12. Rad1
$16) 11. f4 f5 {I believe that this position is critical for the evaluation of
the whole variation. White is several tempi ahead in development and has an
active pair of bishops, but cracking Black's position is not easy yet. He
probably should keep activating his pieces with Rad1, Rae1 or Nd5, since the
subsequent analysis proves that pawn moves, aiming to make the enemy knights
feel uncomfortable, do not give the desired effect.} 12. h4 (12. g4 $6 O-O 13.
gxf5 Rxf5 14. Bd3 Nh4 15. Bxf5 Nxf5 $44 {[%cal Gb7b6,Gc8b7,Gg7g6,Ga8f8] I
guess Topalov would be just too happy to get such wonderful compensation for
the exchange.}) 12... c6 (12... Qxh4 13. Bf2 $16 {[%cal Ge2e6,Gc3d5]}) (12...
O-O 13. h5 Nh8 14. g4 $36 {Black finds it more difficult to consolidate the
f5-square.}) (12... Nxh4 13. Nd5 Qf7 14. Bf2 $36 {[%cal Gd5c7]}) 13. h5 cxb5
14. Nd5 (14. hxg6 hxg6 15. Nxb5 Qh4 $11 {allows Black force a draw by
perpetual if he so wishes.}) 14... Qd8 (14... Qd6 15. Rad1 Qc6 16. g4 $36) 15.
hxg6 hxg6 16. Bf2 $44 {[%csl Gh4] White's compensation is obvious, but I do
not sense big dangers for Black, either.}) 10... c6 11. Bg5 f6 12. Rae1 Ne6 13.
Bd3 O-O 14. Bd2 {Over the past few moves, White has considerable activated his
pieces. Black mainly relies on his lack of weaknesses, which offers him
chances to resist.} d5 $1 {This is the only move that keeps Black in the game.
Since his main problem is the delay in development, he needs to open the h3-c8
immediately.} ({In the event of} 14... Qf7 {, aiming to meet f2-f4 with f6-f5,
White would consolidate his lead in development with} 15. Ne4 {when the
occupation of the d6-square would leave Black paralyzed after, for instance}
Ne5 ({The exchange of queens with} 15... Ngf4 16. Qxf7+ Rxf7 {would not bring
the desired relief after} 17. Bxf4 Nxf4 18. Nd6 Nxd3 19. cxd3 Rf8 20. Re7 {
and Black is in trouble.}) 16. Qh3 Nxd3 17. Nd6 $1 {An important intermediate
move.} Nef4 18. Bxf4 Nxf4 19. Qg4 {followed by Qxf4 with a clear advantage for
White.}) 15. f4 {This is the only way to keep fighting for the initiative.} (
15. Re3 $2 d4 16. Rh3 Ng5 $17) (15. Bxg6 hxg6 16. Qxg6 Bd7 $11) 15... Qc5+ $1 {
This move repells White's attack and leads to the simplification of the
position. At this height of the game, Kamsky had about 8 minuts left on his
clock. Quite a difficult situation...} 16. Kh1 $2 ({After this over-cautious
move White will find himself struggling.} 16. Be3 {was necessary, taking the
d4-square under control, for instance} d4 17. Bxg6 hxg6 ({Black should go for
the opposite coloured bishops. In case of} 17... Qxh5 18. Bxh5 dxe3 19. Rxe3 {
White retains a small edge.}) 18. Qxc5 Nxc5 19. Bxd4 Ne6 {. Black should not
have problems completing his development and gradually equalizing.}) 16... d4
17. Bf5 {With little time on his clock, Kamsky may have overrated the effects
of this move, which threatens to win the queen with Bxe6.} Rf7 $2 ({This move
deserves criticism only because there was an even better one:} 17... Nexf4 $1
18. Rxf4 (18. Bxf4 {allows} Qxf5) 18... dxc3 {Black will emerge a pawn up,
because} 19. Be6+ $2 {does not work in view of} Bxe6 20. Qxc5 cxd2 {with a
decisive material advantage.}) 18. Ne4 Qd5 19. Bxg6 hxg6 20. Qxd5 cxd5 21. Nd6
{It may seem that White is on the top again. After the "obvious" 21...Re7,
defending the knight, White maintains a strong initiative with 22.Bb4.} Rc7 $3
{A fantastic move, starting powerful counterplay.} 22. c4 $2 ({This is
premature panicking with less than 3 minutes left. He should have accepted the
sacrifice with} 22. Nxc8 Raxc8 23. Rxe6 {, although after} Rxc2 {Black has
sufficient material compensation and a strong initiative for the bishop.
Another important aspect is that the black king is safer than its counterpart.
White's position looks dangerous, but he would have remained in the game.})
22... dxc3 23. Bxc3 d4 {Everything is over now. Kamsky is a clear pawn down
and had practically no time left on his clock.} 24. Bb4 Bd7 25. Rf2 a5 26. Ba3
b5 27. b3 b4 28. Bb2 Ra6 29. Ne4 Rac6 30. Kg1 Rc2 31. g3 d3 32. Rd1 f5 {
A tragic game for Kamsky, but quite interesting to follow from the spectators'
point of view.} 0-1

[Event "World Chess Challenge"]
[Site "Sofia"]
[Date "2009.02.20"]
[Round "3"]
[White "Topalov, Veselin"]
[Black "Kamsky, Gata"]
[Result "1/2-1/2"]
[WhiteElo "2796"]
[BlackElo "2725"]
[Annotator "Marin,M"]
[PlyCount "73"]
[EventDate "2009.02.17"]
[EventType "match"]
[EventRounds "7"]
[EventCountry "BUL"]
[SourceTitle "CBM 129"]
[Source "ChessBase"]
[SourceDate "2009.03.25"]
[SourceVersion "1"]
[SourceVersionDate "2009.03.25"]
[SourceQuality "1"]

1. d4 Nf6 2. c4 g6 3. Nc3 d5 4. Qb3 {The queen is usually developed on this
square only after 4.Nf3. After the text move, transpositions to the main
system are possible if White plays Ng1-f3 in the near future. Topalov will
choose a rather extravagant approach, leaving the knight on its initial
position until the 22nd move!} dxc4 5. Qxc4 Bg7 6. e4 O-O 7. Be2 ({One of the
points behind this move order is to avoid the possible structural damage after
} 7. Nf3 Nfd7 8. Be3 Nb6 9. Qb3 Bg4 10. Rd1 Nc6 11. d5 Ne5 {etc. Still, such
an unnatural way of developing is likely to allow Black the possibility of
obtaining excellent counterplay.}) 7... a6 8. Bf4 ({Another way to delay the
knight's development is} 8. Be3 b5 9. Qb3 {In practice, White has constantly
obtained the slightly more pleasant position.} c5 {I believe that this
untested move is the only way to question the viability of White's plan.} (9...
Bb7 10. f3 Nfd7 11. Nh3 Nc6 12. Rd1 Nb6 13. d5 Na5 14. Qc2 Nac4 15. Bxc4 Nxc4
16. Bc5 Re8 17. O-O $14 {Alekseev,E (2708)-Pelletier,Y (2569)/Biel 2008/CBM
126 (1-0, 43)}) (9... Nc6 10. Rd1 b4 11. Na4 Nxe4 12. Bf3 Bf5 13. g4 Nxd4 14.
Rxd4 Bxd4 15. gxf5 Bxe3 16. Qxe3 $14 {Atalik,S (2599)-Van der Weide,K (2502)/
Augsburg 2008/CBM 122 Extra (1-0, 22). Despite approximate material equality
and an apparent black lead in development, White's chances are superior
because of the numerous weaknesses in Black's camp. In case of simplifications,
White's knights could get on c6 and c5, paralysing Black.}) (9... Ng4 10. Bxg4
Bxg4 11. h3 Bc8 12. Nf3 Nc6 13. Rd1 Na5 14. Qc2 f5 15. O-O Nc4 16. Bc1 fxe4 17.
Qxe4 Bf5 18. Qe2 Qd6 19. Rfe1 $14 {Riazantsev,A (2634)-Safarli,E (2564)/Moscow
2009 (1/2, 32). Black has disrupted the white structure, but his position has
by far more weaknesses.}) 10. dxc5 Be6 11. Qc2 Qa5 $1 {White cannot parry the
threat Nxe4 without making some concession. Had he played the normal 8.Nf3
instead of 8.Be3, both 12.Bd2 and 12.0-0 would have neutralised Black's
initiative. The way it is, the former simply loses a tempo, while the latter
is illegal.}) 8... b5 $5 9. Qxc7 Qxc7 $5 $146 {Black forces the enemy bishop
to occupy a vulnerable square.} (9... b4 $2 {Yakovich,Y (2573)-Kovchan,A (2561)
/Noyabrsk 2003/CBM 099/[Krasenkow] (1-0, 52)}) (9... Qxd4 10. Rd1 Qb4 11. Rd2
Nbd7 12. Be3 Rb8 13. a3 Qb3 14. Nf3 e5 15. O-O Bb7 16. Rfd1 Rfc8 17. Qa5 $14 {
Yakovich,Y (2596)-Shomoev,A (2487)/Sochi 2004/CBM 100 ext (1/2, 33). The
position is almost symmetrical, but White's pieces are more active.}) 10. Bxc7
{A pawn is a pawn, but in this case it costs White a lot of time. Everything
is prepared now for Black to get quickly mobilized.} b4 {Judging from the
relatively high speed with which Kamsky played during this phase of the game,
we may assume that this move was part of his preparation still. There is
another possibility, though. Having lost the previous game because of getting
into desperate time trouble, he may have decided to play quickly at any cost.
In any case, I am sceptical about his last move. Black is insufficiently well
developed for weakening his position in such radical way.} ({I would prefer a
developing course, such as} 10... Bb7 11. f3 (11. e5 Ne8 $1 {[%csl Gc7][%cal
Gb7g2]}) 11... Nc6 $44) 11. Na4 Nc6 12. d5 {This move has the drawback of
opening the long diagonal for the Gruenfeld bishop.} ({Just three (!) days
later, the following game was played:} 12. e5 Nd5 13. Bf3 Be6 14. Ne2 Nxc7 15.
Bxc6 Rad8 16. Nc5 f6 17. f4 fxe5 18. dxe5 g5 19. g3 gxf4 20. gxf4 $14 {Bareev,
E (2645)-Maslak,K (2541)/Moscow Aeroflot 2009 (1-0, 43). The g7-bishop has
remained passive and the black king is somewhat exposed.}) 12... Nd4 13. Bd3
Bd7 {For the first time in the match, Topalov had spent more time than Kamksy
at this height of the game. We may assume that the Bulgarian grandmaster was
taken out of his home preparation rather early, but can only guess until which
point Kamsky was on familiar paths, since he soon started thinking a lot.} 14.
Nb6 Bb5 $1 {A strong move, aimed to eliminate the defender of the e4-pawn and
c2-square.} 15. Be5 (15. Bxb5 axb5 16. Nxa8 {is too risky because of} Nc2+ 17.
Kd1 Nxa1 18. Nb6 Nxe4 {The a1-knight is impossible to trap while White is
underdeveloped still.}) (15. Rd1 $5 {is an interesting way to maintain the
tension, but it does not seem to offer more than just equality.} Ra7 16. Be5
Bxd3 17. Rxd3 Nc2+ 18. Ke2 (18. Kd1 Nxe4 19. Bxg7 Kxg7 20. Nh3 Rb7 $11 21. Nc4
$6 Rc8 $1 $17) (18. Kd2 $2 Nxe4+ 19. Kxc2 Bxe5 $17) 18... Nxe4 19. Nf3 {
It may seem that the c2-knight is in danger, but the b6-knight is exposed, too.
} Rb7 20. Bxg7 Kxg7 21. Nc4 Rc8 $11 {If everything else fails, a well-timed
b4-b3 would save the c2-knight from troubles.}) 15... Nxe4 ({This is a rare
case when Kamsky played his move almost instantly. Curiously it was precisely
the moment when he had an alternative worth considering. His move leads to a
position where Black needs to play carefully in order to maintain equality,
while} 15... Bxd3 {would have offered him chances to fight for the initiative,
for instance} 16. Bxd4 Rab8 17. e5 ({The more solid} 17. f3 {fails to
stabilize the position.} Bb5 {Taking the d7-square away from the b6-knight and
threatening to trap it with Ne8 or Nh5.} 18. Rc1 {Preparing the return of the
knight with Nc4.} Nh5 19. Bxg7 Kxg7 20. Nc4 f5 {Black is two tempi ahead in
development and the white centre is vulnerable.}) 17... Rxb6 18. Bxb6 Nxd5 19.
Bd4 Rc8 {Black has a strong initiative for the sacrificed exchange. I suspect
Topalov would have liked to switch sides, since he is a great specialist in
sacrificing exchanges himself. When choosing the simplifying continuation,
Kamsky may have found himself under the impression of the previous game in
which he failed to convert his advance in development and initiative into
anything concrete. This time, he preferred to play with equal pawns...}) 16.
Bxg7 Kxg7 17. Bxe4 Rab8 18. O-O-O Nf5 19. Bxf5 gxf5 20. d6 Rxb6 21. dxe7 Re8 ({
It is difficult to say whether the intermediate} 21... Rc8+ {would have been
better. The pros of this move are that the king is driven away from the centre
and forced to occupy a light square, which may allow an intermediate bishop
check later.}) 22. Nf3 Rxe7 23. Nd4 Bd7 24. Rhe1 Rxe1 25. Rxe1 {The position
looks dangerous for Black. If White manages to advance his pawns to f4 and g3
and consolidate his knight with the help of his king, he could blackmail his
opponent with the threat of exchanging queens. In a pure knight versus bishop
ending, all the black pawns would remain vulnerable.} Rh6 $1 (25... Rd6 {
would be premature because of} 26. Rd1 {and White's stability would not be
threatened in any way.}) 26. Re7 ({White is not willing to weaken his
structure with} 26. h3 {Black would continue with} f4 {, leaving the g2-pawn
vulnerable.}) 26... Rd6 $1 {Black has managed to drive the annoying knight
away from the centre, which offers some freedom of action to his king.} 27. Ne2
Kf6 28. Re3 Ba4 29. b3 Bc6 30. Nf4 a5 31. g3 Be4 32. f3 Bc6 33. h4 {Both sides
have achieved almost absolute stability and a draw is the most likely result.}
Rd4 34. Kc2 Bb5 35. Nh5+ Kg6 36. Nf4+ Kf6 37. Nh5+ 1/2-1/2